00349nam a22001337a 4500003000400000005001700004007001000021008004100031020001800072040000600090082001500096245008800111260001600199OSt20231213105042.0240 pages231213b |||||||| |||| 00| 0 eng d a9789390166824 c  a808.83/RAM aStart up marketing strategiesb11 real life cases of indian start ups.cRamesh,Anil bjaicoc2022